logo

Bir Sreshtho Munshi Abdur Rouf Library
Jhenaidah Cadet College

Elementary vector analysis : (Record no. 6396)

MARC details
000 -LEADER
fixed length control field 00899nam a2200289 a 4500
001 - CONTROL NUMBER
JCCL Control Number 6396
003 - CONTROL NUMBER IDENTIFIER
JCCL marc code BD-JhCC
005 - DATE AND TIME OF LATEST TRANSACTION
control field 20180403183613.0
008 - FIXED-LENGTH DATA ELEMENTS--GENERAL INFORMATION
fixed length control field 180122s1955 enka 001 0 eng d
035 ## - SYSTEM CONTROL NUMBER
system control number (BD-JhCC)6396
040 ## - CATALOGING SOURCE
Original cataloging agency BD-JhCC
Modifying agency BD-JhCC
041 ## - LANGUAGE CODE
Language code of Book eng
082 ## - DEWEY DECIMAL CLASSIFICATION NUMBER
Classification number 515.63
DDC Edition number 18
082 ## - DEWEY DECIMAL CLASSIFICATION NUMBER
Classification number 515.63
DDC Edition number 18
Author mark and Year WEA 1955
100 1# - MAIN ENTRY--PERSONAL NAME
Personal name Weatherburn, C. E.
Fuller form of name (Charles Ernest),
Dates associated with a name 1884-
245 10 - TITLE STATEMENT
Title Elementary vector analysis :
Remainder of title with application to geometry and mechanics /
Statement of responsibility, etc by C.E. Weatherburn.
250 ## - EDITION STATEMENT
Edition statement New and rev. ed.
260 ## - PUBLICATION, DISTRIBUTION, ETC. (IMPRINT)
Place of publication, distribution, etc London :
Name of publisher, distributor, etc Bell,
Date of publication, distribution, etc 1955.
300 ## - PHYSICAL DESCRIPTION
Pagination xi, 181 p :
Other physical details ill ;
Dimensions 22 cm.
490 1# - SERIES STATEMENT
Series statement Bell's mathematical series. Advanced section
500 ## - GENERAL NOTE
General note T.p. has date of printing, not necessarily of publication.
504 ## - BIBLIOGRAPHY, ETC. NOTE
Bibliography, etc Includes Index
650 #0 - SUBJECT ADDED ENTRY--TOPICAL TERM
Topical term or geographic name as entry element Vector analysis.
830 #0 - SERIES ADDED ENTRY--UNIFORM TITLE
Uniform title Bell's mathematical series.
942 ## - ADDED ENTRY ELEMENTS (KOHA)
Source of classification or shelving scheme Dewey Decimal Classification
Koha item type Books
Holdings
Source of classification or shelving scheme Damaged status Not for loan Home library Current library Shelving location Total Checkouts Full call number Barcode Date last seen Copy number Koha item type
Dewey Decimal Classification     JCC Rouf Library JCC Rouf Library General Stacks   515.63 WEA 1956 8496 01/22/2018 C-1 Books

JCC Library | Contacts | JCC Home

Last Update on 23 September 2017
Copyright @ 2017-2020 JCC Rouf Library
Rouf Library, Jhenidah Cadet College (JCC), Bangladesh